Quizzes
Events
Quiz Creation
Community
Videos
Private Events
Remove Ads
Sign In
Join for FREE
Feedback
Dark Mode
Quiz Categories
Sports
Geography
Music
Movies
Television
Just For Fun
Miscellaneous
History
Literature
Language
Science
Gaming
Entertainment
Religion
Holiday
For Kids
Quiz Lab
Recent
Popular Today
Quiz Kudos Today
Editor Picks
Curator Picks
Quizzes by...
Day
Popularity
Type
Ratings
Length
Year
Community
Subscriptions
Recent Discussions
Orange Saloon
Badges
Playlists
Quests
Create
Leaderboards
Showdown
Live 5
Trivia Bingo
Activity
Puzzle Library
Sporcle Events
Private Events
Virtual Trivia
Globe League
Become a Host
Pub Owners
SporcleCon
Opinionation
Our Games
Videos
Blog
Mobile Apps
Partnerships
Remove Ads and Go Orange
Feedback
Sports
Athletes
MLB
NBA
NHL
NFL
Soccer
Sports Teams
WWE
NCAA
Football
Premier League
Basketball
Baseball
Hockey
Golf
Tennis
Cricket
Rugby
Auto Racing
Olympics
World Cup
Sports
Athletes
MLB
NBA
NHL
NFL
Soccer
Sports Teams
WWE
NCAA
Football
Premier League
Basketball
Baseball
Hockey
Golf
Tennis
Cricket
Rugby
Auto Racing
Olympics
World Cup
Random Quiz
Search Sporcle
×
Quiz Lab
Quiz Lab
Sports
NFL
Type in answers that appear in a list
Type in answers that appear in a list
Classic
Best Score? Go Orange.
NFL Team by Kicker and Punter Stats
Can you name the NFL Team by Kicker and Punter?
By
sportsbros229
3m
32 Questions
3,273 Plays
3,273 Plays
3,273 Plays
Comments
Comments
Give Quiz Kudos
Give Quiz Kudos
-
- Ratings
hide this ad
Forced Order
Answers have to be entered in order
Answers have to be entered in order
Random Order
Randomize order of answers
Randomize order of answers
Replay
Link that replays current quiz
Next Quiz
Link to next quiz in quiz playlist
You Got
0%
They Got
Avg Score
65%
Avg Friend Score
Upgrade to see
Score Distribution
Jump to the score distribution portion of the page
Score
0/32
Timer
03:00
0
Plays Today
Kicker
Team
% Correct
Sebastian Janikowski
Oakland Raiders
89.7%
Stephen Gostkowski
New England Patriots
88.7%
Mason Crosby
Green Bay Packers
84.6%
Robbie Gould
Chicago Bears
83.9%
David Akers
Philadelphia Eagles
83.2%
Rob Bironas
Tennessee Titans
80.6%
Lawrence Tynes
New York Giants
79.4%
Nate Kaeding
San Diego Chargers
79.1%
John Carney
New Orleans Saints
70.9%
Neil Rackers
Arizona Cardinals
70.5%
Ryan Longwell
Minnesota Vikings
70.5%
Josh Scobee
Jacksonville Jaguars
70.3%
Phil Dawson
Cleveland Browns
67.4%
John Kasay
Carolina Panthers
66.5%
Nick Folk
Dallas Cowboys
66.3%
Matt Prater
Denver Broncos
66.1%
Kicker
Team
% Correct
Jeff Reed
Pittsburgh Steelers
65.7%
Jason Hanson
Detroit Lions
65.6%
Rian Lindell
Buffalo Bills
63.9%
Shayne Graham
Cincinnati Bengals
63.5%
Matt Stover
Indianapolis Colts
61.7%
Ryan Succop
Kansas City Chiefs
60.3%
Kris Brown
Houston Texans
59.9%
Joe Nedney
San Francisco 49ers
58%
Shaun Suisham
Washington Redskins
56.8%
Dan Carpenter
Miami Dolphins
55.6%
Jason Elam
Atlanta Falcons
54.4%
Billy Cundiff
Baltimore Ravens
51.6%
Jay Feely
New York Jets
51.6%
Olindo Mare
Seattle Seahawks
47.4%
Josh Brown
St. Louis Rams
40%
Connor Barth
Tampa Bay Buccaneers
36.6%
Quiz Playlist
Details
Report
Send in Message
Add To Playlist
Classic:
Type in answers that appear in a list
Forced Order:
Answers have to be entered in order
Random Order:
Randomize order of answers
Quiz Source
Last Updated: Feb 16, 2017
Quiz Scoreboard
CHALLENGE
Sign Up to Join the Scoreboard
Show All
Scores
Hide
Comments
May contain spoilers
Recently Published
An Introduction to Baseball
by treessimontrees
Sports
5m
Movies - When Are They Set?
by FPL_Elf
Movies
5m
Popular People in 1961
by mucciniale
History
6m
More to Explore
Quiz From the Vault
Featured Blog Post
Where Did the Easter Bunny Come From?
hide this ad
You Might Also Like...
Tags
NFL Quiz
Kicker
Punter
team
Today's Top Quizzes in Sports
Browse Sports
hide this ad
Today's Top Quizzes in NFL
Browse NFL
Top Contributed Quizzes in Sports
1
Les meilleurs buteurs des matchs entre le PSG et l’OM
2
2022 World Cup Stars
3
FIFA Club World Cup Champions
4
Les entraîneurs de l'OM et du PSG au 21e siècle
5
Name the Premier League winners with different clubs
6
La finale Lions - Afrique du Sud 2021
7
Les joueurs passés par le LOSC et le RC Lens
8
Criteria MLB: Left Handed Sluggers
9
Players with Multiple 50 Home Run Seasons
10
5-to-1: UK Sports Teams
Explore More
Trending Topics
Harry Potter
Kpop
NBA
Disney
Anime
Marvel
Crossword
Song
NFL
Soccer
The Office
Country
WWE
Puzzle
Pokémon
hide this ad
More By:
sportsbros229
Quiz
Plays
Rating
Category
Featured
Created
500 HR Club
4,503
3.67
Sports
Jan 4, 2010
Same Last Names (MLB Edition)
3,970
4.65
Sports
Dec 22, 2009
NFL Team by Kicker and Punter
3,273
4.36
Sports
Nov 25, 2009
Biggest NFL Troublemakers
438
3.29
Sports
Nov 21, 2009
Big 12 College by Color
428
4.00
Sports
Dec 24, 2009
Go to Creator's Profile
Score Distribution
Quiz Creator Spotlight
sportsbros229
Follow
Send a Message
Quizzes Created
-
Created Quiz Play Count
-
More By This Creator
Popular Quizzes Today
1
Find the Countries of Europe - No Outlines Minefield
2
Find the US States - No Outlines Minefield
3
The Countries of the World
4
Popular People in 1961
5
Find the US States
6
US States
7
1-10 Letter E Words III
8
Risky Map Clicking: Biggest States A-Z
More Sports Quizzes
Profile: Allen Iverson
Quiz Lab
Trending Quizzes
Risky Map Clicking: Least Populous States A-Z
1-10 Letter F Words
1-10 Letter G Words
Not Quite an Element Typing Challenge
One Thing in Common: United Kingdom
Recently Updated
Leaping Animals
pecheneg
Reality TV Shows (A-Z)
bhenderson79
Rickey Henderson's Hall of Fame Teammates
pecheneg
Champions League XIs: Arsenal
pecheneg
Quick Pick: Celebrities in WWE's Hall of Fame
aduchscher
A-Z Keypad Blitz II
pecheneg
Multiple Oscar Actors
pecheneg
Mystery Phrase Blitz: Oscar 'Best Actors'
pecheneg
F. Scott Fitzgerald Novels
LTH
Pick 3 Villains
ddd62291
Trending Topics
Disney
NBA
Anime
Marvel
Harry Potter
Kpop
Crossword
NFL
The Office
Country
WWE
Puzzle
Pokémon
Song
Soccer
Your Account Isn't Verified!
In order to create a playlist on Sporcle, you need to verify the email address you used during registration. Go to your
Sporcle Settings
to finish the process.
Report this User
Report this user for behavior that violates our
Community Guidelines
.
Details:
Send Report
Go to the Sporcle.com Mobile Site →
Comments